[Event "ARM-chT"]
[Site "Yerevan"]
[Date "2018.06.10"]
[Round "3.2"]
[White "Sargsyan, Anna M"]
[Black "Khachatryan, Mikael H"]
[Result "1-0"]
[WhiteElo "2323"]
[BlackElo "1746"]
[PlyCount "47"]
[EventDate "2018.06.08"]
[EventType "team-tourn"]
[EventRounds "7"]
[EventCountry "ARM"]
[SourceTitle "CBM 184 Extra"]
[Source "ChessBase"]
[SourceDate "2018.06.28"]
[SourceVersion "1"]
[SourceVersionDate "2018.06.28"]
[SourceQuality "1"]
[WhiteTeam "Chessify"]
[BlackTeam "Gasparyan II"]
[WhiteTeamCountry "ARM"]
[BlackTeamCountry "ARM"]

1. d4 d5 2. c4 c6 3. cxd5 cxd5 4. Bf4 Nc6 5. e3 Nf6 6. Nc3 Bf5 7. Qb3 a6 8. Qxb7 Na5 9. Qc7 e6 10. Qxd8+ Kxd8 11. Nf3 Bb4 12. Ne5 Ke7 13. f3 Rhc8 14. Rc1 Ne8 15. g4 Bg6 16. h4 f6 17. Nxg6+ hxg6 18. Bd3 Nd6 19. Ke2 Nac4 20. Na4 g5 21. hxg5 e5 22. gxf6+ gxf6 23. dxe5 fxe5 24. Bg5+ 1-0